| 000 | 00530nam a2200193Ia 4500 | ||
|---|---|---|---|
| 005 | 20250508155933.0 | ||
| 008 | 008 250505s9999 xx 000 0 hin d | ||
| 037 | _aReference | ||
| 040 |
_aFEDL _beng _cFEDL |
||
| 041 |
_ahin _2eng |
||
| 084 |
_a370.954, SAH _qFEDL |
||
| 100 |
_aSahgal Raj _9767796 |
||
| 245 | 0 | _aBhartiya artihk jeevan | |
| 260 |
_aDelhi, India _bYoungman and Company |
||
| 300 | _axii,702p. | ||
| 700 |
_a Gridhari Lal _9767797 |
||
| 942 |
_cREF _h370.954, SAH |
||
| 999 |
_c1360222 _d1360222 |
||